000 00570nam a22001817a 4500
003 0
005 20160609165231.0
008 091204t xxu||||| |||| 00| 0 eng d
037 _aM15350
_bBIBLIO EPAC
040 _aBIBLIO EPAC
_bF
_cEPAC
082 _a27.APE/ASS
100 _aMarlène Fridoline K. ASSOGBA
_92405
245 _aLa foresterie urbaine: les arbres dans les places et jardins publics de la ville de Lokossa
260 _aUAC/EPAC
_bBIBLIO-EPAC
_c2007-2008
300 _aI-38p
_c29cm
650 _aAMENAGEMENT PROTECTION ENVIRONNMENT
_92406
942 _cTHE
999 _c46602
_d46602